000 01260nam a2200337 c 4500
003 BLK
005 20180422103530.0
008 180408b bul|||||r ||||||| ||bul||
010 _aKNG00080156000
020 _a978-954-649-994-3
_bиздат.: Сиела Софт енд Паблишинг
040 _aBLK
041 _aBUL
_cBUL
080 _aАвторско право в областта на изкуството и литературата
_b347.78
_x
_z347.78
100 1 _aЛозев, Емил Леков
_eпърви автор
_9366272
139 _aЛозев, Емил Леков
_bЛ 79
245 1 0 _aАктуални проблеми на авторското право и сродните му права
_cЕмил Леков Лозев.
257 _aBGR
260 София
_bСиела Софт енд Паблишинг
_c2007
300 _a204 с.
_c23 см
380 _a3
500 _aБиблиогр. под линия.
650 4 _aАвторско право
_9241576
653 _aавторско право
653 _aистория
653 _aмултимедии
852 _aЦб 237476
856 4 _qpdf
_u
856 4 _qpdf
_u
942 _cKNG
_n0
944 _aCR
_c14.12.2007
_kКети_Илиева
944 _aED
_c04.01.2013
_k
999 _c75736
_d75736